Vplyv rozdielneho obrábania pôdy po rôznych predplodinách na úrody ozimnej pšenice

Bibliographic Details
Main Author: Zaťko, Ján, 1921- (Author)
Format: Article
Language:Slovak
PhysicalDescription:Tb. 5. Res. rus., angl.
Subjects:

MARC

LEADER 00000nab a2200000 a 4500
001 vtls000028178
003 SK-MaSNL
005 20260303202537.0
008 111026c1978 xo 0 slo
015 |a SNBRA19rr/mm-uuuuu 
035 |a CL0038272 
040 |a SNKBUCL  |b slo  |c SNKBUCL  |e AACR2 
041 0 |a slo 
044 |a xo  |c SK 
080 |a 631.5  |2 1981 
080 |a 633.1  |2 1981 
100 1 |a Zaťko, Ján,  |d 1921-  |4 aut  |9 208263 
245 1 0 |a Vplyv rozdielneho obrábania pôdy po rôznych predplodinách na úrody ozimnej pšenice  |c Ján Zaťko 
300 |b Tb. 5. Res. rus., angl. 
650 0 7 |a ozimná pšenica  |2 snkbucl  |9 28625 
650 0 7 |a predplodiny rôzne  |2 snkbucl  |9 1234363 
655 7 |a články zo zborníkov  |2 snkbucl  |9 166140 
773 0 |t Obrábanie pôdy k obilninám  |d Nitra : ÚVTIP-pobočka, 1978  |g S. 89-101 
850 |a Slovenská národná knižnica v Martine  |a MTA001 
852 |a SNK  |b KIS3GCP 
958 7 |a RK 
992 |a RZB 
999 |c 2180213  |d 2182143